[Event "30.Alpenpokal Obersdorf op"]
[Site "Tiefenbach (08.01.-18.01)"]
[Date "2004.??.??"]
[Round "1.1"]
[White "Jolowicz, Matias,Dr."]
[Black "Wahl, Frithjof,Dr."]
[Result "1/2-1/2"]
[WhiteElo "2133"]
[BlackElo "2009"]
[PlyCount "110"]
[EventDate "2004.01.??"]
[Source "ChessOrg"]
[SourceDate "2005.04.24"]

1. d4 g6 2. g3 Bg7 3. Bg2 c6 4. c4 d6 5. Nc3 Nf6 6. Nf3 Nbd7 7. O-O O-O 8. Qc2
e5 9. Rd1 Re8 10. b3 Qc7 11. Ba3 e4 12. Nd2 e3 13. fxe3 Rxe3 14. Nde4 d5 15.
Nd6 dxc4 (15... Bf8 16. c5 Qa5 17. Na4 Bxd6 18. cxd6 Re6 19. Bh3 Re8 20. Bc1
Ne4 21. Bf4) 16. Nxc4 Re8 17. e4 Nb6 18. Nd6 Rd8 19. e5 Ne8 20. Nce4 Nxd6 21.
Nxd6 Nd5 22. Rf1 Be6 23. Qd2 a5 24. Rf2 Rd7 25. Raf1 Qd8 26. Ne4 b6 27. Nf6+
Bxf6 28. exf6 Kh8 29. h4 Qg8 30. Be4 Rc8 31. Rh2 h5 32. Rhf2 Kh7 33. Qg5 Kh8
34. Re1 Re8 35. Bd3 Nc7 36. Rf4 Red8 37. Re5 Rd5 38. Bc4 Rxe5 39. Qxe5 Nd5 40.
Rf1 Qh7 41. Bd3 Qh6 42. Bc1 Qh7 43. Bd2 Qg8 44. Rc1 Bd7 45. Bh6 Qe8 46. Qg5 (
46. Bxg6 $1 fxg6 47. f7+ Qxe5 48. dxe5 Be6 49. f8=Q+ Rxf8 50. Bxf8) 46... Kg8
47. Kf2 Qe6 48. Bxg6 Qxf6+ 49. Bf5+ Qxg5 50. Bxg5 f6 51. Bxd7 Rxd7 52. Be3 Nxe3
53. Kxe3 Rd6 54. Ke4 Kf7 55. Rf1 Ke6 1/2-1/2

[Event "30.Alpenpokal Obersdorf op"]
[Site "Tiefenbach (08.01.-18.01)"]
[Date "2004.??.??"]
[Round "1.2"]
[White "Angerer, Martin"]
[Black "Poffers, Adrian"]
[Result "0-1"]
[WhiteElo "1930"]
[BlackElo "2289"]
[PlyCount "60"]
[EventDate "2004.01.??"]
[Source "ChessOrg"]
[SourceDate "2005.04.24"]

1. e4 d6 2. d4 Nf6 3. Nc3 e5 4. Nf3 Nbd7 5. Be2 Be7 6. O-O O-O 7. Re1 c6 8. Bf1
Re8 9. g3 a6 10. a4 b6 11. Bg2 Bb7 12. Bg5 Qc7 13. Qd2 b5 14. Rad1 Bf8 15. Nh4
h6 16. Bxf6 Nxf6 17. Nf5 Rad8 18. Kh1 Kh7 19. f4 g6 20. Nh4 Qb6 21. fxe5 dxe5
22. Rf1 Bg7 23. axb5 axb5 24. d5 b4 25. Na4 Qb5 26. Rxf6 Bxf6 27. Qf2 Rd6 28.
Nc5 Qb6 29. Rd3 cxd5 30. exd5 Rc8 0-1

[Event "30.Alpenpokal Obersdorf op"]
[Site "Tiefenbach (08.01.-18.01)"]
[Date "2004.??.??"]
[Round "1.3"]
[White "Wempe, Juergen"]
[Black "Froehlich, Rainer[37Sonth]"]
[Result "0-1"]
[WhiteElo "2113"]
[BlackElo "1980"]
[PlyCount "68"]
[EventDate "2004.01.??"]
[Source "ChessOrg"]
[SourceDate "2005.04.24"]

1. d4 Nf6 2. Nf3 c5 3. c3 e6 4. a3 d5 5. Bf4 Nc6 6. e3 Bd6 7. Bg3 Ne4 8. Nbd2
Bxg3 9. hxg3 cxd4 10. Nxe4 dxe4 11. Nxd4 Nxd4 12. cxd4 Bd7 13. Qg4 Qa5+ 14. b4
Qc7 15. Ra2 Qc3+ 16. Rd2 Qa1+ 17. Rd1 Qc3+ 18. Rd2 Ba4 19. Be2 Rc8 20. Qxg7 Rf8
21. Qe5 Qc1+ 22. Bd1 Bxd1 23. Rxd1 Qc3+ 24. Kf1 Qc2 25. Re1 Qd2 26. Rh6 Rc1 27.
Qb8+ Ke7 28. Qxb7+ Ke8 29. Qb8+ Ke7 30. Qxa7+ Kd8 31. Qa5+ Ke7 32. Qg5+ Kd6 33.
Qe5+ Ke7 34. Qg5+ Kd6 0-1

[Event "30.Alpenpokal Obersdorf op"]
[Site "Tiefenbach (08.01.-18.01)"]
[Date "2004.??.??"]
[Round "1.4"]
[White "Zuri, Amin-Barin,Dr."]
[Black "Wunderer, Eckart"]
[Result "0-1"]
[WhiteElo "1919"]
[BlackElo "1973"]
[PlyCount "45"]
[EventDate "2004.01.??"]
[Source "ChessOrg"]
[SourceDate "2005.04.24"]

1. d4 Nf6 2. c4 g6 3. Nc3 Bg7 4. e4 d6 5. Nf3 O-O 6. Bd3 Nbd7 7. O-O e5 8. d5
Nc5 9. Bc2 a5 10. Bg5 Bd7 11. Qd2 Qe8 12. a4 Nh5 13. Nb5 Bxb5 14. axb5 b6 15.
Ra2 f5 16. exf5 gxf5 17. Nh4 e4 18. Bh6 f4 19. Bxf4 Nxf4 20. Ra3 Qe5 21. Bb1
Rad8 22. Re1 Qg5 23. g3 0-1

[Event "30.Alpenpokal Obersdorf op"]
[Site "Tiefenbach (08.01.-18.01)"]
[Date "2004.??.??"]
[Round "1.5"]
[White "Doehner, Hans-Juergen,Prof."]
[Black "Hiller, Joachim[42Deidesh]"]
[Result "0-1"]
[WhiteElo "1912"]
[BlackElo "1880"]
[PlyCount "82"]
[EventDate "2004.01.??"]
[Source "ChessOrg"]
[SourceDate "2005.04.24"]

1. e4 c6 2. d4 d5 3. Nc3 dxe4 4. Nxe4 Bf5 5. Ng3 Bg6 6. h4 h6 7. Nf3 Nd7 8. Bc4
e6 9. Be3 Ngf6 10. h5 Bh7 11. Qe2 Bd6 12. O-O-O Qc7 13. Nf1 O-O-O 14. g3 Nb6
15. Bb3 Nbd5 16. Bd2 Ne4 17. Be1 Rhe8 18. Rh4 Ndf6 19. N1d2 Nxd2 20. Bxd2 Nd5
21. c4 Nf6 22. Bc3 Be7 23. Bd2 Nd7 24. Re4 Bf6 25. Rf4 e5 26. dxe5 Nxe5 27.
Nxe5 Bxe5 28. Qf3 Bxf4 29. Bxf4 Rxd1+ 30. Bxd1 Qd7 31. Qa3 Qf5 32. c5 Qb1+ 33.
Kd2 Qe4 34. Bg4+ f5 35. Bd1 Rd8+ 36. Bd6 Qd4+ 37. Kc1 Qc4+ 38. Kd2 Qd4+ 39. Kc1
Qxf2 40. Qxa7 Qe3+ 41. Kb1 f4+ 0-1

[Event "30.Alpenpokal Obersdorf op"]
[Site "Tiefenbach (08.01.-18.01)"]
[Date "2004.??.??"]
[Round "1.6"]
[White "Heissenbuettel, Hans-Erich"]
[Black "Witte, Ronald"]
[Result "1-0"]
[WhiteElo "1900"]
[BlackElo "1963"]
[PlyCount "76"]
[EventDate "2004.01.??"]
[Source "ChessOrg"]
[SourceDate "2005.04.24"]

1. c4 c6 2. d4 d5 3. e3 Nf6 4. Nc3 a6 5. a4 Bf5 6. Qb3 Qd7 7. a5 e6 8. Na4 Qc7
9. Nb6 Ra7 10. Nf3 Nbd7 11. Bd2 Qd8 12. Na4 Bd6 13. Rc1 Bc7 14. cxd5 exd5 15.
Qa3 Bxa5 16. Bxa5 Qxa5+ 17. b4 Qd8 18. Nc5 Nxc5 19. bxc5 O-O 20. Be2 Bg4 21.
Rb1 Bxf3 22. Bxf3 a5 23. O-O Qc7 24. Rb2 Rb8 25. Rfb1 Nd7 26. Bg4 Nf6 27. Bh3
g5 28. Bf5 Qe7 29. Rb6 Qc7 30. Qa4 Nd7 31. Qc2 Kg7 32. h3 Nf6 33. Qa4 Re8 34.
R1b2 Ne4 35. Qb3 a4 36. Qb4 a3 37. Ra2 Rea8 38. Bxe4 dxe4 {und im 63.Zug} 1-0

[Event "30.Alpenpokal Obersdorf op"]
[Site "Tiefenbach (08.01.-18.01)"]
[Date "2004.??.??"]
[Round "1.8"]
[White "Pruess, Martin"]
[Black "Moehring, Norbert"]
[Result "0-1"]
[WhiteElo "1827"]
[BlackElo "1812"]
[PlyCount "50"]
[EventDate "2004.01.??"]
[Source "ChessOrg"]
[SourceDate "2005.04.24"]

1. e4 e5 2. Nf3 Nf6 3. Nc3 Bb4 4. Nxe5 Qe7 5. Nf3 Bxc3 6. bxc3 Qxe4+ 7. Be2 O-O
8. O-O b6 9. Nd4 Qg6 10. Bf3 d5 11. Re1 Ba6 12. a4 Nbd7 13. Nc6 Kh8 14. Ba3
Rfe8 15. d3 Rxe1+ 16. Qxe1 Re8 17. Qd1 Bb7 18. Nxa7 Ne5 19. Nb5 Nxf3+ 20. Qxf3
Re5 21. Nd4 c5 22. Ne2 Nh5 23. Ng3 Qe6 24. Kf1 Nxg3+ 25. hxg3 Qh6 0-1

[Event "30.Alpenpokal Obersdorf op"]
[Site "Tiefenbach (08.01.-18.01)"]
[Date "2004.??.??"]
[Round "1.9"]
[White "Schulz, Wolfgang[32Hamb]"]
[Black "Kelbratowski, Konrad"]
[Result "1-0"]
[WhiteElo "2111"]
[BlackElo "1863"]
[PlyCount "39"]
[EventDate "2004.01.??"]
[Source "ChessOrg"]
[SourceDate "2005.04.24"]

1. e4 e6 2. d4 d5 3. Nd2 c5 4. exd5 exd5 5. Bb5+ Nc6 6. Qe2+ Qe7 7. dxc5 Qxe2+
8. Nxe2 Bxc5 9. Nb3 Bd6 10. Bf4 Bxf4 11. Nxf4 Nge7 12. O-O-O a6 13. Be2 Be6 14.
Bf3 O-O-O 15. Rhe1 Rd6 16. Nc5 Bf5 17. Nxd5 Nxd5 18. Rxd5 Rxd5 19. Bxd5 Nd8 20.
Re7 1-0

[Event "30.Alpenpokal Obersdorf op"]
[Site "Tiefenbach (08.01.-18.01)"]
[Date "2004.??.??"]
[Round "1.10"]
[White "Woell, Josef"]
[Black "Boeven, Manfred"]
[Result "0-1"]
[WhiteElo "1878"]
[BlackElo "2020"]
[PlyCount "134"]
[EventDate "2004.01.??"]
[Source "ChessOrg"]
[SourceDate "2005.04.24"]

1. d4 d5 2. Bg5 h6 3. Bf4 Bf5 4. e3 e6 5. Nd2 Nf6 6. c4 c6 7. Ngf3 Nbd7 8. c5
Be7 9. Be2 O-O 10. O-O Ne4 11. Nxe4 Bxe4 12. b4 a6 13. a4 Bf6 14. Bd6 Re8 15.
Ne5 Be7 16. Bxe7 Qxe7 17. Nxd7 Qxd7 18. Qb3 e5 19. Rad1 Qf5 20. Bd3 exd4 21.
Bxe4 Rxe4 22. Rxd4 Rxd4 23. exd4 Re8 24. b5 axb5 25. axb5 Qf4 26. bxc6 bxc6 27.
Qa4 Qf6 28. f3 Re3 29. Rd1 Qg6 30. Kf2 Rc3 31. Rd2 Qf6 32. Qb4 Qh4+ 33. Kf1
Rc1+ 34. Ke2 Qxh2 $6 (34... Qe1+ 35. Kd3 Qf1+ 36. Re2 (36. Ke3 Re1+ 37. Kf4
Re4+ 38. Kf5 (38. Kg3 Qe1+ 39. Kh3 Rh4#) 38... g6+ 39. Kf6 Re6#) 36... Rd1+ 37.
Ke3 Qg1+ 38. Rf2 Re1+) 35. Kd3 Qf4 36. Qb2 Qf5+ 37. Ke2 Qe6+ 38. Kd3 Qf5+ 39.
Ke2 Qe6+ 40. Kd3 Qg6+ 41. Ke3 Rg1 42. Qc2 Qg5+ 43. Kd3 h5 44. Re2 g6 45. Qd2
Qxd2+ 46. Rxd2 Re1 47. Kc3 Kg7 48. Rb2 g5 49. Rb6 Re6 50. Kd3 h4 51. Rb7 Kg6
52. Rd7 f5 53. Rd8 g4 54. fxg4 fxg4 55. Rg8+ Kf5 56. Rh8 Kg5 57. Rg8+ Kf4 58.
Rg7 Kg3 59. Rg5 h3 60. gxh3 Kxh3 61. Rh5+ Kg2 62. Re5 Rf6 63. Ke2 g3 64. Re7
Kg1 65. Re5 g2 66. Re8 Rf4 67. Re6 Kh2 0-1

[Event "30.Alpenpokal Obersdorf op"]
[Site "Tiefenbach (08.01.-18.01)"]
[Date "2004.??.??"]
[Round "1.11"]
[White "Emde, Rainer"]
[Black "Besler, Ralf"]
[Result "1-0"]
[WhiteElo "1995"]
[BlackElo "1808"]
[PlyCount "77"]
[EventDate "2004.01.??"]
[Source "ChessOrg"]
[SourceDate "2005.04.24"]

1. d4 Nf6 2. Nf3 e6 3. e3 c5 4. Bd3 d5 5. O-O Nc6 6. b3 cxd4 7. exd4 Be7 8. c4
b6 9. Bb2 Bb7 10. Nbd2 dxc4 11. bxc4 O-O 12. Rc1 Rc8 13. Qe2 Qd6 14. Rfd1 Rfd8
15. Bb1 Qf4 16. Nf1 Rd7 17. Ne3 Rcd8 18. a3 h5 19. Qc2 Qh6 20. Re1 Bd6 21. d5
exd5 22. Bxf6 gxf6 23. Nf5 Qg6 24. N3h4 Qg5 25. Nxd6 Rxd6 26. Qh7+ Kf8 27. Qh8+
Qg8 28. Qh6+ Qg7 29. Qxg7+ Kxg7 30. Nf5+ Kf8 31. Nxd6 Rxd6 32. Rcd1 Ne7 33.
cxd5 Bxd5 34. Ba2 Re6 35. Bxd5 Nxd5 36. Kf1 Nc3 37. Rxe6 fxe6 38. Rd7 a5 39.
Rd6 1-0

[Event "30.Alpenpokal Obersdorf op"]
[Site "Tiefenbach (08.01.-18.01)"]
[Date "2004.??.??"]
[Round "1.12"]
[White "Drewitz, Friedel"]
[Black "Erhart, Uwe"]
[Result "0-1"]
[WhiteElo "1749"]
[BlackElo "1993"]
[PlyCount "123"]
[EventDate "2004.01.??"]
[Source "ChessOrg"]
[SourceDate "2005.04.24"]

1. e4 c5 2. Nf3 d6 3. d4 cxd4 4. Nxd4 Nf6 5. Nc3 g6 6. Bc4 Bg7 7. O-O O-O 8.
Bb3 Nc6 9. h3 Bd7 10. Be3 Qa5 11. Re1 Rfd8 12. Nf3 Be8 13. a3 Nd7 14. Bd4 Nxd4
15. Nxd4 Qc5 16. Nde2 Nb6 17. Qd3 Rac8 18. Rad1 Nc4 19. Bxc4 Qxc4 20. Qe3 b6
21. Nd5 Kf8 22. c3 Bc6 23. Qf4 Bxd5 24. exd5 Qb5 25. Nd4 Bxd4 26. Qxd4 f6 27.
Qe3 Rc7 28. Qh6+ Kg8 29. Re6 Qe8 30. Rde1 Qf7 31. Qe3 Rdd7 32. a4 Kf8 33. b3 f5
34. f4 Qg7 35. c4 Kf7 36. g4 fxg4 37. hxg4 Ke8 38. g5 Kd8 39. Qe4 Rc8 40. f5
gxf5 41. Qxf5 Kc7 42. Rh6 Rf8 43. Qg4 Qc3 44. Rf1 Rxf1+ 45. Kxf1 Qd3+ 46. Kf2
Rd8 47. Qf3 Qd2+ 48. Kf1 Qxg5 49. Rh5 Qc1+ 50. Kf2 Rg8 51. Rh1 Qd2+ 52. Kf1 h6
53. Rh3 Rg6 54. Qe4 Qd1+ 55. Kf2 Rf6+ 56. Rf3 Qd2+ 57. Kf1 Rxf3+ 58. Qxf3 Qg5
59. Kf2 h5 60. Qe3 Qxe3+ 61. Kxe3 Kd7 62. Kf4 0-1

[Event "30.Alpenpokal Obersdorf op"]
[Site "Tiefenbach (08.01.-18.01)"]
[Date "2004.??.??"]
[Round "1.14"]
[White "Reinke, Kurt[39Benrath]"]
[Black "Blosze, Winfried"]
[Result "1-0"]
[WhiteElo "1812"]
[BlackElo "1730"]
[PlyCount "90"]
[EventDate "2004.01.??"]
[Source "ChessOrg"]
[SourceDate "2005.04.24"]

1. d4 Nf6 2. c4 g6 3. Nc3 d5 4. cxd5 Nxd5 5. e4 Nxc3 6. bxc3 Bg7 7. Nf3 O-O 8.
Be2 c5 9. O-O cxd4 10. cxd4 Nc6 11. Be3 Qa5 12. Rc1 Qxa2 13. Bc4 Qa5 14. h3 Qd8
15. Qd2 Na5 16. Ba2 b6 17. Bf4 Bb7 18. Bc7 Qd7 19. Ne5 Qa4 20. f3 Rac8 21. d5
Ba6 22. Rfd1 Nc4 23. Nxc4 Rxc7 24. Ne3 Rxc1 25. Rxc1 Bd4 26. Bb1 Rc8 27. Rxc8+
Bxc8 28. Kh2 Bc5 29. Ng4 h5 30. Ne5 Qa1 31. Qf4 f6 32. Nxg6 Qxb1 33. Nxe7+ Bxe7
34. Qc7 Qb4 35. Qxc8+ Kg7 36. Qf5 Qe1 37. Qd7 Qb4 38. Qf5 Qd6+ 39. f4 a5 40.
Kg3 a4 41. Kh4 a3 42. Kxh5 a2 43. Qg4+ Kf8 44. f5 a1=Q 45. Kh6 Ke8 1-0

[Event "30.Alpenpokal Obersdorf op"]
[Site "Tiefenbach (08.01.-18.01)"]
[Date "2004.??.??"]
[Round "1.15"]
[White "Zuri, Rahim"]
[Black "Siegmund, Rainer"]
[Result "1/2-1/2"]
[WhiteElo "1787"]
[BlackElo "1960"]
[PlyCount "66"]
[EventDate "2004.01.??"]
[Source "ChessOrg"]
[SourceDate "2005.04.24"]

1. e4 c5 2. Bc4 e6 3. Nc3 Nc6 4. a3 Nf6 5. d3 d5 6. exd5 exd5 7. Ba2 Be7 8. Nf3
Bg4 9. h3 Bxf3 10. Qxf3 Nd4 11. Qd1 h6 12. O-O O-O 13. Bf4 Bd6 14. Bxd6 Qxd6
15. Ne2 Qe5 16. Nxd4 Qxd4 17. c3 Qf4 18. Qc2 Rfe8 19. Rfe1 Re5 20. Rxe5 Qxe5
21. Qd2 Re8 22. Rd1 d4 23. cxd4 Qxd4 24. Qc3 Re2 25. Qxd4 cxd4 26. Rb1 b5 27.
Kf1 Rc2 28. Bb3 Rc5 29. Re1 Kf8 30. a4 a6 31. Ke2 Re5+ 32. Kd2 Rxe1 33. Kxe1
bxa4 1/2-1/2

[Event "30.Alpenpokal Obersdorf op"]
[Site "Tiefenbach (08.01.-18.01)"]
[Date "2004.??.??"]
[Round "1.16"]
[White "Koops, Randolf"]
[Black "Fischer, Paul[37Hiltrup]"]
[Result "1-0"]
[WhiteElo "2050"]
[BlackElo "1740"]
[PlyCount "91"]
[EventDate "2004.01.??"]
[Source "ChessOrg"]
[SourceDate "2005.04.24"]

1. d4 Na6 2. e4 c6 3. Nc3 Nc7 4. Nf3 g6 5. h4 d6 6. h5 Bg4 7. hxg6 fxg6 8. Bc4
d5 9. Bb3 Nf6 10. Qd3 Bxf3 11. gxf3 Qd7 12. Bf4 O-O-O 13. O-O-O Nh5 14. Be5
Bh6+ 15. Kb1 Rhf8 16. exd5 Bf4 17. dxc6 Qxc6 18. d5 Qe8 19. Bxc7 Bxc7 20. Nb5
Bb6 21. d6 Qd7 22. Qe2 e5 23. a4 Rde8 24. a5 Bxa5 25. Ba4 Kb8 26. Nc3 Qd8 27.
Bxe8 Bxc3 28. d7 Bd4 29. c3 Nf4 30. Qc4 Bxf2 31. Rxh7 Bb6 32. Qe4 Bc7 33. Bxg6
Ne6 34. Qd5 Nf4 35. Qe4 Ne6 36. Qg4 Nc5 37. Be8 a6 38. Qh4 Rxf3 39. Qxd8+ Bxd8
40. Rf7 Rxf7 41. Bxf7 Kc7 42. Be8 e4 43. Re1 Bg5 44. b4 Na4 45. d8=Q+ Kxd8 46.
Bxa4 1-0

[Event "30.Alpenpokal Obersdorf op"]
[Site "Tiefenbach (08.01.-18.01)"]
[Date "2004.??.??"]
[Round "1.17"]
[White "Poehler, Margit"]
[Black "Hoffmann, Reinhold[32Wadg]"]
[Result "0-1"]
[WhiteElo "1765"]
[BlackElo "1804"]
[PlyCount "99"]
[EventDate "2004.01.??"]
[Source "ChessOrg"]
[SourceDate "2005.04.24"]

1. d4 d5 2. c4 c6 3. Nc3 Nf6 4. Nf3 e6 5. Bg5 Be7 6. cxd5 exd5 7. e3 Bf5 8. Be2
Nbd7 9. O-O h6 10. Bf4 O-O 11. Rc1 Nh5 12. Nh4 Nxf4 13. Nxf5 Nxe2+ 14. Nxe2 Nf6
15. Nxe7+ Qxe7 16. Ng3 Qe6 17. b4 Rfc8 18. Re1 a5 19. a3 axb4 20. axb4 Ra3 21.
Ra1 Rca8 22. Rxa3 Rxa3 23. Qc1 Ra4 24. Qb2 Qc8 25. b5 cxb5 26. Qxb5 Qc6 27.
Qxc6 bxc6 28. Rc1 Ra6 29. f3 g6 30. Rd1 Kf8 31. e4 dxe4 32. Nxe4 Nxe4 33. fxe4
Ke7 34. Kf2 Ra3 35. Ke2 Ke6 36. Rc1 Kd6 37. Kd2 h5 38. Rc3 Ra2+ 39. Rc2 Ra3 40.
Rc3 Ra2+ 41. Rc2 Rxc2+ 42. Kxc2 c5 43. Kd3 cxd4 44. Kxd4 Ke6 45. g3 g5 46. h3
f6 47. g4 h4 48. Kd3 Kd7 49. Ke3 Ke6 50. Kd3 0-1

[Event "30.Alpenpokal Obersdorf op"]
[Site "Tiefenbach (08.01.-18.01)"]
[Date "2004.??.??"]
[Round "1.18"]
[White "Winter, Rudolf[29GGerau]"]
[Black "Klempt, Guenter"]
[Result "0-1"]
[WhiteElo "1687"]
[BlackElo "1894"]
[PlyCount "66"]
[EventDate "2004.01.??"]
[Source "ChessOrg"]
[SourceDate "2005.04.24"]

1. d4 Nf6 2. Nf3 g6 3. e3 Bg7 4. c4 O-O 5. Nc3 d5 6. b4 a5 7. b5 c5 8. a4 Bg4
9. Be2 dxc4 10. Bxc4 cxd4 11. exd4 Qc7 12. Qd3 Bxf3 13. gxf3 Rc8 14. Nd5 Nxd5
15. Bxd5 Rd8 16. Qe4 Qc3+ 17. Ke2 Qxa1 18. Bxb7 Ra7 19. Qxe7 Qxd4 20. Qe4 Rxb7
21. Qc2 Qe5+ 22. Be3 Rc7 23. Qb3 Qb2+ 24. Qxb2 Bxb2 25. Bb6 Rc2+ 26. Ke3 Re8+
27. Kf4 Rc4+ 28. Kg3 Rxa4 29. Rd1 Rb4 30. Bxa5 Rxb5 31. Bc7 Be5+ 32. Bxe5 Rexe5
33. Rd8+ Kg7 0-1

[Event "30.Alpenpokal Obersdorf op"]
[Site "Tiefenbach (08.01.-18.01)"]
[Date "2004.??.??"]
[Round "1.20"]
[White "Tauscher, Max"]
[Black "Meyer, Gerd[61Huckarde]"]
[Result "0-1"]
[WhiteElo "1604"]
[BlackElo "1982"]
[PlyCount "118"]
[EventDate "2004.01.??"]
[Source "ChessOrg"]
[SourceDate "2005.04.24"]

1. e4 e5 2. Nf3 Nc6 3. d4 exd4 4. Nxd4 Qh4 5. Nc3 Bb4 6. Qd3 Bxc3+ 7. bxc3 Nf6
8. Nf5 Qxe4+ 9. Qxe4+ Nxe4 10. Nxg7+ Ke7 11. Bb2 d6 12. Nh5 Rg8 13. Nf4 Be6 14.
g3 Ne5 15. Bg2 Nc5 16. a4 c6 17. Bc1 Bf5 18. Ra2 Ne4 19. Ne2 Rab8 20. f3 Nc5
21. Be3 Be6 22. Ra1 Nc4 23. Bxc5 dxc5 24. Kf2 Rgd8 25. Rhd1 Rxd1 26. Rxd1 Bf5
27. Nf4 Bxc2 28. Re1+ Kf8 29. Bf1 b5 30. Bxc4 bxc4 31. a5 Rb5 32. a6 Ra5 33.
Re5 Rxa6 34. Rxc5 Ra2 35. Ke3 Bb3 36. h4 a5 37. Rxc6 a4 38. Ra6 Ra1 39. Nd5 a3
40. Nb4 a2 41. Kf4 Rc1 42. Nxa2 Bxa2 43. Rxa2 Rxc3 44. Ra4 Ke7 45. g4 Kd6 46.
Ke4 Kc5 47. Ra7 Rc1 48. Rxf7 Re1+ 49. Kf5 Kd6 50. Rf6+ Kd5 51. Rf8 c3 52. Rd8+
Kc4 53. Rc8+ Kd3 54. h5 c2 55. g5 c1=Q 56. Rxc1 Rxc1 57. g6 Rc5+ 58. Kg4 h6 59.
f4 Ke4 0-1

[Event "30.Alpenpokal Obersdorf op"]
[Site "Tiefenbach (08.01.-18.01)"]
[Date "2004.??.??"]
[Round "1.21"]
[White "Fehres, Werner"]
[Black "Borries, Barbara"]
[Result "0-1"]
[WhiteElo "1791"]
[BlackElo "1703"]
[PlyCount "62"]
[EventDate "2004.01.??"]
[Source "ChessOrg"]
[SourceDate "2005.04.24"]

1. e4 e6 2. f4 d5 3. e5 c5 4. c3 Nc6 5. Nf3 c4 6. d4 cxd3 7. Bxd3 Bc5 8. b4 Bb6
9. a4 a6 10. Qb3 Bd7 11. Na3 Nge7 12. Nc2 Rc8 13. Bd2 O-O 14. h4 f6 15. exf6
Rxf6 16. O-O-O Bc7 17. g3 Nf5 18. g4 Nfe7 19. f5 exf5 20. g5 Rf8 21. h5 Ne5 22.
Nxe5 Bxe5 23. Kb1 Qc7 24. Nd4 Bxd4 25. cxd4 b5 26. a5 f4 27. g6 h6 28. Rc1 Qd6
29. Rc5 Bf5 30. Rf1 Bxd3+ 31. Qxd3 Rxc5 0-1

[Event "30.Alpenpokal Obersdorf op"]
[Site "Tiefenbach (08.01.-18.01)"]
[Date "2004.??.??"]
[Round "1.22"]
[White "Herzog, Manfred[60Sulzf]"]
[Black "Josting, Friedel"]
[Result "1-0"]
[WhiteElo "1725"]
[BlackElo "1845"]
[PlyCount "73"]
[EventDate "2004.01.??"]
[Source "ChessOrg"]
[SourceDate "2005.04.24"]

1. d4 Nf6 2. c4 e6 3. Nc3 c5 4. d5 exd5 5. cxd5 d6 6. e4 g6 7. f4 Bg7 8. Bb5+
Nfd7 9. Nf3 O-O 10. O-O a6 11. Bxd7 Nxd7 12. a4 Re8 13. Nd2 Rb8 14. a5 Nf8 15.
Qf3 f5 16. exf5 gxf5 17. Ra3 Ng6 18. Nc4 Bd4+ 19. Kh1 Qf6 20. Rb3 Bxc3 21. bxc3
Re4 22. Nb6 Qe7 23. c4 Bd7 24. Bb2 Be8 25. Qh3 Re1 26. Rbf3 Rxf1+ 27. Rxf1 Qe2
28. Rg1 Qxb2 29. Qxf5 Qd4 30. Qe6+ Bf7 31. Qxd6 Qxf4 32. Qxc5 Rd8 33. Rd1 Nf8
34. Qe7 Qg4 35. Rf1 Rd7 36. Nxd7 Qxd7 37. Rxf7 1-0

[Event "30.Alpenpokal Obersdorf op"]
[Site "Tiefenbach (08.01.-18.01)"]
[Date "2004.??.??"]
[Round "1.23"]
[White "Kahler, Kurt"]
[Black "Auf'm Wasser, Guenter"]
[Result "0-1"]
[WhiteElo "1712"]
[BlackElo "1614"]
[PlyCount "71"]
[EventDate "2004.01.??"]
[Source "ChessOrg"]
[SourceDate "2005.04.24"]

1. e4 c5 2. Nc3 a6 3. a4 g6 4. f4 Bg7 5. Nf3 d6 6. h3 Nc6 7. Bc4 e6 8. O-O Nge7
9. Ba2 O-O 10. Ne2 b5 11. c3 bxa4 12. Qxa4 Bb7 13. Qc2 Kh8 14. Ng3 d5 15. d3
Qc7 16. Bd2 Rac8 17. Rac1 Nd8 18. Qd1 Qb8 19. Nh4 f5 20. e5 Ndc6 21. Nf3 Rc7
22. Be3 Nd8 23. h4 Nf7 24. Kf2 Nh6 25. Nh2 Bc8 26. b3 d4 27. cxd4 Nd5 28. dxc5
Nxe3 29. Kxe3 Rd8 30. Rc3 Rcd7 31. Ne2 Bxe5 32. fxe5 Qxe5+ 33. Kd2 Qxh2 34. g3
Qg2 35. Re1 Ng4 36. Qa1 {und die liebe Zeit also} 0-1

[Event "30.Alpenpokal Obersdorf op"]
[Site "Tiefenbach (08.01.-18.01)"]
[Date "2004.??.??"]
[Round "1.24"]
[White "Meyer, Thomas[52Tübing]"]
[Black "Sakowski, Christian"]
[Result "0-1"]
[WhiteElo "1598"]
[BlackElo "1776"]
[PlyCount "96"]
[EventDate "2004.01.??"]
[Source "ChessOrg"]
[SourceDate "2005.04.24"]

1. d4 Nf6 2. c4 g6 3. Nc3 d5 4. cxd5 Nxd5 5. e4 Nxc3 6. bxc3 Bg7 7. Bc4 O-O 8.
Be3 c5 9. Ne2 cxd4 10. cxd4 Nc6 11. O-O Na5 12. Bd3 b6 13. Qd2 Bb7 14. Rac1 Qd7
15. Rc2 Rfc8 16. Rfc1 e6 17. Rxc8+ Rxc8 18. Rxc8+ Qxc8 19. Qc3 Qxc3 20. Nxc3
Nc6 21. Ne2 Nb4 22. Bb1 Ba6 23. Kf1 Nc6 24. d5 exd5 25. exd5 Nd4 26. Bxd4 Bxd4
27. Ke1 Be5 28. f4 Bf6 29. Kd2 Bc4 30. d6 Kf8 31. Nc3 Bxc3+ 32. Kxc3 Bd5 33. g3
f6 34. Kd4 Be6 35. Be4 Bxa2 36. Bd5 Bxd5 37. Kxd5 Ke8 38. Ke6 f5 39. Kf6 a5 40.
Kg7 a4 41. Kxh7 a3 42. Kxg6 a2 43. Kxf5 a1=Q 44. g4 Qh8 45. g5 Qxh2 46. g6 Qh8
47. Kg5 Qd4 48. f5 Qd2+ 0-1

[Event "30.Alpenpokal Obersdorf op"]
[Site "Tiefenbach (08.01.-18.01)"]
[Date "2004.??.??"]
[Round "1.25"]
[White "Seidel, Juergen"]
[Black "Sanna, Giuseppe"]
[Result "1-0"]
[WhiteElo "1898"]
[BlackElo "1513"]
[PlyCount "75"]
[EventDate "2004.01.??"]
[Source "ChessOrg"]
[SourceDate "2005.04.24"]

1. d4 Nf6 2. Nf3 b6 3. e3 Bb7 4. Bd3 d5 5. Nbd2 e6 6. Ne5 Be7 7. O-O O-O 8. f4
Nbd7 9. Qf3 c5 10. c3 Re8 11. Rf2 Rc8 12. g4 Nf8 13. g5 N6d7 14. Rg2 Ng6 15.
Qh5 Ndf8 16. Ndf3 a6 17. Bd2 b5 18. Rf1 Bd6 19. h4 b4 20. Qg4 Nxe5 21. fxe5
bxc3 22. bxc3 c4 23. Bc2 Ba3 24. h5 Re7 25. Nh4 Qd7 26. g6 fxg6 27. Nxg6 Rf7
28. Nf4 Qe7 29. Rgf2 Qd7 30. Rh2 Qe7 31. Kf2 Rc6 32. Ke2 Rb6 33. Rfh1 Rb2 34.
Bg6 Nxg6 35. hxg6 Rf5 36. Rxh7 Rxd2+ 37. Kxd2 Bc1+ 38. Ke2 1-0

[Event "30.Alpenpokal Obersdorf op"]
[Site "Tiefenbach (08.01.-18.01)"]
[Date "2004.??.??"]
[Round "1.26"]
[White "Marek, Herbert"]
[Black "Spurga, Josef"]
[Result "0-1"]
[WhiteElo "1651"]
[BlackElo "1880"]
[PlyCount "68"]
[EventDate "2004.01.??"]
[Source "ChessOrg"]
[SourceDate "2005.04.24"]

1. d4 f5 2. c4 Nf6 3. Nc3 c6 4. e3 g6 5. Bd3 Bg7 6. Nf3 O-O 7. O-O d5 8. Ne5
Nbd7 9. f4 e6 10. Bd2 Ne4 11. Be1 Ndf6 12. Be2 Qe8 13. Nxe4 Nxe4 14. h4 h5 15.
Kh2 Nf6 16. Bb4 Ng4+ 17. Nxg4 hxg4 18. Bxf8 Qxf8 19. a3 c5 20. g3 Bd7 21. cxd5
cxd4 22. Qb3 Qd6 23. dxe6 Bc6 24. Rad1 b5 25. Rd2 a6 26. Rfd1 Bd5 27. Qc2 Qxe6
28. Rxd4 Bxd4 29. Rxd4 Re8 30. Qc5 Ba8 31. Qe5 Qc6 32. Bf3 gxf3 33. Rd6 Qc2+
34. Kg1 Qg2# 0-1

[Event "30.Alpenpokal Obersdorf op"]
[Site "Tiefenbach (08.01.-18.01)"]
[Date "2004.??.??"]
[Round "1.28"]
[White "Schenfeld, Waldemar"]
[Black "Schulz, Toni,Prof.Dr[48]"]
[Result "1/2-1/2"]
[WhiteElo "1538"]
[BlackElo "1854"]
[PlyCount "67"]
[EventDate "2004.01.??"]
[Source "ChessOrg"]
[SourceDate "2005.04.24"]

1. e4 c5 2. Nf3 Nc6 3. c3 d5 4. exd5 Qxd5 5. d4 cxd4 6. cxd4 e5 7. Nc3 Bb4 8.
Bd2 Bxc3 9. Bxc3 e4 10. Ne5 Nxe5 11. dxe5 Ne7 12. Qh5 O-O 13. Qg5 f6 14. Qg3
Nf5 15. Qf4 fxe5 16. Qxe5 Qxe5 17. Bxe5 Be6 18. Be2 Rae8 19. Bc3 Nh4 20. O-O
Bd5 21. Rad1 Bc6 22. Bc4+ Kh8 23. Bd4 e3 24. fxe3 Nxg2 25. Rxf8+ Rxf8 26. Bxa7
Nh4 27. Be2 h6 28. a3 Re8 29. Rf1 Be4 30. Rf7 Re5 31. Bd4 Rg5+ 32. Kf2 Nf5 33.
Bf3 Nd6 34. Rf4 1/2-1/2